Technical and managerial challenges of facade retention. (Record no. 60571)
[ view plain ]
| 000 -LEADER | |
|---|---|
| fixed length control field | 00810cam a2200169 4500 |
| 001 - CONTROL NUMBER | |
| control field | ABS60902 |
| 008 - FIXED-LENGTH DATA ELEMENTS--GENERAL INFORMATION | |
| fixed length control field | 000000n1999 000 0 eng u |
| 035 ## - SYSTEM CONTROL NUMBER | |
| System control number | (Sirsi) u101429 |
| 100 ## - MAIN ENTRY--PERSONAL NAME | |
| Personal name | Gibb, A. |
| 245 ## - TITLE STATEMENT | |
| Title | Technical and managerial challenges of facade retention. |
| 260 ## - PUBLICATION, DISTRIBUTION, ETC. | |
| Date of publication, distribution, etc. | 1999 |
| 490 ## - SERIES STATEMENT | |
| Series statement | Proceedings of the Institution of Civil Engineers : Structures and Buildings |
| Volume/sequential designation | 134(3) August 1999, 219-229(11) |
| 520 ## - SUMMARY, ETC. | |
| Summary, etc. | Discusses the challenges created when the outer facade of a building is retained while the main structure is replaced. The article focuses on the technical and managerial issues involved in such projects and considers the reasons for using retained facades. Diagrams and references. |
| 650 ## - SUBJECT ADDED ENTRY--TOPICAL TERM | |
| Topical term or geographic name entry element | RETAINED FACADES |
| 690 ## - LOCAL SUBJECT ADDED ENTRY--TOPICAL TERM (OCLC, RLIN) | |
| Topical term or geographic name as entry element | BUILT ENVIRONMENT-CONSTRUCTION DESIGN |
| 942 ## - ADDED ENTRY ELEMENTS (KOHA) | |
| Suppress in OPAC | 0 |
| Withdrawn status | Lost status | Source of classification or shelving scheme | Damaged status | Not for loan | Home library | Current library | Shelving location | Date acquired | Total Checkouts | Full call number | Barcode | Date last seen | Copy number | Price effective from | Koha item type |
|---|---|---|---|---|---|---|---|---|---|---|---|---|---|---|---|
| Dewey Decimal Classification | London | London | Journal article | 04/11/1999 | ABS60902 | 101429-1001 | 06/08/2019 | 1 | 06/08/2019 | Journal article |